书目信息 |
| 题名: |
教师教育体制
|
|
| 作者: | 黄崴 | |
| 分册: | ||
| 出版信息: | 广州 广东高等教育 2002 |
|
| 页数: | 255页 | |
| 开本: | 26cm | |
| 丛书名: | 当代教育管理论丛 | |
| 单 册: | ||
| 中图分类: | G515 | |
| 科图分类: | ||
| 主题词: | 教育事业--世界 | |
| 电子资源: | ||
| ISBN: | 7-5361-2826-6 | |
| 000 | 00630nam0 2200217 450 | |
| 001 | 0753865015 | |
| 005 | 20070818145745.01 | |
| 010 | @a7-5361-2826-6@d¥26.00 | |
| 100 | @a20070818d km y0chiy0120 ea | |
| 101 | 0 | @achi |
| 200 | 1 | @a教师教育体制@Ajiao shi jiao yu ti zhi@e国际比较研究@f黄崴@Fhuang wei |
| 210 | @a广州@c广东高等教育@d2002 | |
| 215 | @a255页@d26cm | |
| 225 | 2 | @a当代教育管理论丛 |
| 410 | 0 | @12001 @a当代教育管理论丛 |
| 517 | 1 | @a国际比较研究@Aguo ji bi jiao yan jiu |
| 606 | 0 | @a教育事业@x世界 |
| 690 | @aG515@v3 | |
| 701 | 0 | @a黄崴@Ahuang wei |
| 801 | 0 | @aCN@bPFT@c20070818 |
| 905 | @a213230@dG515@ee213@f1 | |
| 教师教育体制:国际比较研究/黄崴.-广州:广东高等教育,2002 |
| 255页;26cm.-(当代教育管理论丛) |
| ISBN 7-5361-2826-6:¥26.00 |
| ● |
| 相关链接 |
|
|
|
|
正题名:教师教育体制
索取号:G515/e213
 
预约/预借
| 序号 | 登录号 | 条形码 | 馆藏地/架位号 | 状态 | 备注 |
| 1 | 6303666 | 263036663 | 教育系资料室/ [索取号:G515/e213] | 在馆 |